<?xml version="1.0" encoding="UTF-8"?>
<record
    xmlns:xsi="http://www.w3.org/2001/XMLSchema-instance"
    xsi:schemaLocation="http://www.loc.gov/MARC21/slim http://www.loc.gov/standards/marcxml/schema/MARC21slim.xsd"
    xmlns="http://www.loc.gov/MARC21/slim">

  <leader>03453nam a2200373 a 4500</leader>
  <controlfield tag="003">CHAP</controlfield>
  <controlfield tag="005">20250129105003.0</controlfield>
  <controlfield tag="007">ta</controlfield>
  <controlfield tag="008">250129s2024    mx ao||fom||| 001 0 spa d</controlfield>
  <datafield tag="040" ind1=" " ind2=" ">
    <subfield code="e">rda</subfield>
  </datafield>
  <datafield tag="041" ind1=" " ind2=" ">
    <subfield code="a">spa</subfield>
    <subfield code="b">eng</subfield>
  </datafield>
  <datafield tag="100" ind1="1" ind2=" ">
    <subfield code="a">Gonz&#xE1;lez P&#xE9;rez, Rebeca</subfield>
    <subfield code="9">189449</subfield>
  </datafield>
  <datafield tag="245" ind1="1" ind2="0">
    <subfield code="a">Aprovechamiento de residuos s&#xF3;lidos en la industria vin&#xED;cola para la elaboraci&#xF3;n de un producto alimenticio /</subfield>
    <subfield code="c">Rebeca Gonz&#xE1;lez P&#xE9;rez</subfield>
  </datafield>
  <datafield tag="264" ind1=" " ind2=" ">
    <subfield code="a">Chapingo, M&#xE9;xico :</subfield>
    <subfield code="b">El autor,</subfield>
    <subfield code="c">2024</subfield>
  </datafield>
  <datafield tag="300" ind1=" " ind2=" ">
    <subfield code="a">1 recurso en l&#xED;nea ( iii, 43 p&#xE1;ginas) : </subfield>
    <subfield code="b">ilustraciones, tablas, fotograf&#xED;as</subfield>
  </datafield>
  <datafield tag="336" ind1=" " ind2=" ">
    <subfield code="2">rdacontent</subfield>
    <subfield code="a">texto</subfield>
    <subfield code="b">txt</subfield>
  </datafield>
  <datafield tag="337" ind1=" " ind2=" ">
    <subfield code="2">rdamedia</subfield>
    <subfield code="a">computadora</subfield>
    <subfield code="b">c</subfield>
  </datafield>
  <datafield tag="338" ind1=" " ind2=" ">
    <subfield code="2">rdacarrier</subfield>
    <subfield code="a">recurso en l&#xED;nea</subfield>
    <subfield code="b">cr</subfield>
  </datafield>
  <datafield tag="502" ind1=" " ind2=" ">
    <subfield code="a">Informe de Estancia Preprofesional</subfield>
    <subfield code="b">IA</subfield>
    <subfield code="c">Agroindustrias</subfield>
    <subfield code="d">2024</subfield>
    <subfield code="g">LIC</subfield>
  </datafield>
  <datafield tag="504" ind1=" " ind2=" ">
    <subfield code="a">Bibliograf&#xED;a: p&#xE1;ginas 36-39</subfield>
  </datafield>
  <datafield tag="520" ind1="3" ind2=" ">
    <subfield code="a">La creciente industria vin&#xED;cola mexicana es responsable de aproximadamente el 20% de los residuos globales de este sector, mayormente compuestos por orujo, que incluye hollejos, semillas y ramas de uva. Sin embargo, estos residuos no son simplemente desechos; representan una valiosa oportunidad para la producci&#xF3;n de bioproductos de alto valor. En este contexto, surge un proyecto innovador: la elaboraci&#xF3;n de mermelada a partir de los residuos s&#xF3;lidos de una vin&#xED;cola en Quer&#xE9;taro. Esta iniciativa tiene como objetivo principal agregar valor a un subproducto que hist&#xF3;ricamente ha sido subutilizado, al mismo tiempo que contribuye a la sostenibilidad de la industria al reducir su impacto ambiental. La mermelada de orujo aprovecha las propiedades nutricionales y funcionales de este residuo, que es rico en compuestos polifen&#xF3;licos con reconocidas propiedades antioxidantes, antivirales y antimicrobianas. Adem&#xE1;s de su atractivo comercial, el proyecto se distingue por su compromiso con la sostenibilidad.</subfield>
  </datafield>
  <datafield tag="520" ind1="3" ind2=" ">
    <subfield code="a">Mexico's growing wine industry is responsible for approximately 20% of the sector's global waste, mostly composed of pomace, which includes grape skins, seeds, and branches. However, these residues are not simply waste; they represent a valuable opportunity to produce high value bioproducts. In this context, an innovative project has arisen: the production of jam from the solid waste of a winery in Quer&#xE9;taro. The main objective of this initiative is to add value to a by-product that has historically been underutilized, while at the same time contributing to the sustainability of the industry by reducing its environmental impact. The pomace jam takes advantage of the nutritional and functional properties of this residue, which is rich in polyphenolic compounds with recognized antioxidant, antiviral and antimicrobial properties. In addition to its commercial appeal, the project stands out for its commitment to sustainability.</subfield>
  </datafield>
  <datafield tag="650" ind1="1" ind2="3">
    <subfield code="a">Orujo de uva</subfield>
    <subfield code="2">atg</subfield>
    <subfield code="9">189983</subfield>
    <subfield code="x">Mermeladas</subfield>
  </datafield>
  <datafield tag="650" ind1="1" ind2="3">
    <subfield code="a">Conservas  </subfield>
    <subfield code="2">atg</subfield>
    <subfield code="9">153381</subfield>
  </datafield>
  <datafield tag="650" ind1="1" ind2="3">
    <subfield code="a">Aprovechamiento de desechos</subfield>
    <subfield code="2">atg</subfield>
    <subfield code="9">6374</subfield>
  </datafield>
  <datafield tag="650" ind1="1" ind2="3">
    <subfield code="a">Grape pomace</subfield>
    <subfield code="2">atg</subfield>
    <subfield code="9">189984</subfield>
    <subfield code="x">Jams</subfield>
  </datafield>
  <datafield tag="650" ind1="1" ind2="3">
    <subfield code="a">Preserves</subfield>
    <subfield code="2">atg</subfield>
    <subfield code="9">153674</subfield>
  </datafield>
  <datafield tag="650" ind1="1" ind2="3">
    <subfield code="a">Waste utilization</subfield>
    <subfield code="2">atg</subfield>
    <subfield code="9">185562</subfield>
  </datafield>
  <datafield tag="700" ind1="1" ind2=" ">
    <subfield code="a">Szymanski Duque, Rosa Guadalupe</subfield>
    <subfield code="9">151434</subfield>
    <subfield code="e">directora</subfield>
  </datafield>
  <datafield tag="700" ind1="1" ind2=" ">
    <subfield code="a">Reyna Izaguirre, Diana Am&#xE9;rica</subfield>
    <subfield code="9">147338</subfield>
    <subfield code="e">asesora</subfield>
  </datafield>
  <datafield tag="700" ind1="1" ind2=" ">
    <subfield code="a">Ramayo Ram&#xED;rez, Jos&#xE9; Orlando</subfield>
    <subfield code="9">161734</subfield>
    <subfield code="e">asesor</subfield>
  </datafield>
  <datafield tag="856" ind1="4" ind2="0">
    <subfield code="u">http://10.13.5.2/tesis/tl/1410972-5_GONZALEZ_PEREZ_REBECA.pdf</subfield>
    <subfield code="y">DESCARGAR PDF</subfield>
  </datafield>
  <datafield tag="942" ind1=" " ind2=" ">
    <subfield code="2">Clasificaci&#xF3;n Universidad Aut&#xF3;noma Chapingo</subfield>
    <subfield code="c">TD</subfield>
  </datafield>
  <datafield tag="999" ind1=" " ind2=" ">
    <subfield code="c">220401</subfield>
    <subfield code="d">220401</subfield>
  </datafield>
  <datafield tag="952" ind1=" " ind2=" ">
    <subfield code="0">0</subfield>
    <subfield code="1">0</subfield>
    <subfield code="2">local</subfield>
    <subfield code="4">0</subfield>
    <subfield code="7">0</subfield>
    <subfield code="8">TesDigL</subfield>
    <subfield code="a">IA_</subfield>
    <subfield code="b">IA_</subfield>
    <subfield code="c">E_L</subfield>
    <subfield code="d">2025-01-29</subfield>
    <subfield code="e">El autor</subfield>
    <subfield code="l">0</subfield>
    <subfield code="p">1201015211</subfield>
    <subfield code="r">2025-01-29 10:52:32</subfield>
    <subfield code="w">2025-01-29</subfield>
    <subfield code="y">TD</subfield>
  </datafield>
</record>
